Environmental Policy Toolkit for SME Greening in EU Eastern Partnership Countries

Salvato in:
Dettagli Bibliografici
Natura: Libro
Lingua:inglese
Pubblicazione: Paris OECD 2018
Serie:OECD Green Growth Studies
Soggetti:
Tags: Aggiungi Tag
Nessun Tag, puoi essere il primo ad aggiungerne!!

MARC

LEADER 00000nam a2200000 4500
001 0243032
005 20221220065535.1
020 |a 978-92-64-29317-5 
041 0 |a eng 
044 |a FR 
245 1 0 |a Environmental Policy Toolkit for SME Greening in EU Eastern Partnership Countries 
264 1 |a Paris  |b OECD  |c 2018 
300 |a 152 s. 
490 1 |a OECD Green Growth Studies 
830 0 |a OECD Green Growth Studies 
610 2 0 |a politika environmentálna 
610 2 0 |a podnikanie malé 
610 2 0 |a podnikanie stredné 
610 2 0 |a reťazce dodávateľsko-odberateľské 
610 2 0 |a manažment 
610 2 0 |a financovanie 
610 2 0 |a Arménsko 
610 2 0 |a Moldavsko 
610 2 0 |a Ukrajina 
610 2 0 |a Gruzínsko